000 00337nam a22001217a 4500
999 _c3032
_d3032
005 20200925154345.0
008 200925b ||||| |||| 00| 0 eng d
020 _a0435900668
040 _cCML
245 _aSeason of Migration to the North.
_cSalih, T.
260 _aLondon
_bHeinemann Educational Books Ltd
_c1969
942 _2ddc
_cBK
_kF
_mSAL